000 00602nam a2200193Ia 4500
008 240729s9999 xx 000 0 und d
022 _a2191-5040
245 0 _aJournal of Applied Volcanology
260 _aUnited Kingdom
260 _bBMC
650 _a Disasters and engineering
650 _a Engineering (General). Civil engineering (General)
650 _a Environmental protection | Technology
650 _a Environmental technology. Sanitary engineering
650 _aTechnology
856 _uhttps://doaj.org/toc/5266774594a04ead8f3bc8cf5cf97523
942 _2ddc
942 _cDOAJEJ
999 _c74077
_d74077
945 _a1
_bMadushi Gamage
_c1
_dMadushi Gamage